El ídolo de silicio (Record no. 6884)

MARC details
000 -LEADER
campo de control de longitud fija 00727nam a2200229 i 4500
001 - NÚMERO DE CONTROL
campo de control 6884
003 - IDENTIFICADOR DE NÚMERO DE CONTROL
campo de control ES-MaACL
005 - FECHA Y HORA DE LA ÚLTIMA TRANSACCIÓN
campo de control 20230906145121.0
007 - CAMPO FIJO DE DESCRIPCIÓN FÍSICA--INFORMACIÓN GENERAL
campo de control de longitud fija t|
008 - DATOS DE LONGITUD FIJA--INFORMACIÓN GENERAL
campo de control de longitud fija 900710s1986 sp |||| | spa d
020 ## - NÚMERO INTERNACIONAL ESTÁNDAR DEL LIBRO
Número Internacional Estándar del Libro 84-345-8396-8
080 ## - NÚMERO DE LA CLASIFICACIÓN DECIMAL UNIVERSAL
Número de la Clasificación Decimal Universal 004:316.422
100 1# - ENTRADA PRINCIPAL--NOMBRE DE PERSONA
Nombre de persona Shallis, Michael.
9 (RLIN) 105998
245 13 - MENCIÓN DEL TÍTULO
Título El ídolo de silicio
Resto del título : la "revolución" de la informática y sus inplicaciones sociales /
Mención de responsabilidad, etc. Michael Shallis.
260 ## - PUBLICACIÓN, DISTRIBUCIÓN, ETC.
Lugar de publicación, distribución, etc. Barcelona :
Nombre del editor, distribuidor, etc. Salvat,
Fecha de publicación, distribución, etc. [1986]
300 ## - DESCRIPCIÓN FÍSICA
Extensión 234 p. ;
Dimensiones 19 cm.
490 1# - MENCIÓN DE SERIE
Mención de serie Biblioteca científica Salvat ;
Designación de volumen o secuencia 29
650 14 - PUNTO DE ACCESO ADICIONAL DE MATERIA--TÉRMINO DE MATERIA
Término de materia o nombre geográfico como elemento de entrada Informática-
Subdivisión general Aspectos sociales.
9 (RLIN) 13759
830 0# - PUNTO DE ACCESO ADICIONAL DE SERIE-TÍTULO UNIFORME
Título uniforme Biblioteca científica Salvat ;
Designación de volumen o secuencia 29
9 (RLIN) 177703
852 ## - LOCALIZACIÓN
Ubicación ES-MaACL
Número de control de estantería L-14116
Holdings
Estatus retirado Estado de pérdida Estado de daño No para préstamo Biblioteca de origen Biblioteca actual Ubicación en estantería Fecha de adquisición Fuente de adquisición Total de préstamos Signatura topográfica completa Código de barras Visto por última vez Precio de reemplazo Tipo de ítem Koha
        Biblioteca del Ateneo de Madrid Biblioteca del Ateneo de Madrid Depósito 2 17/01/2008     L-14116 1007021 23/02/2023 23/02/2023 Libro impreso